|
|
|
|
| LEADER |
00000ckm a2200000 a 4500 |
| 001 |
vtls001208748 |
| 003 |
SK-MaSNL |
| 005 |
20260331203713.0 |
| 007 |
kf co |
| 008 |
230718s1990 xo g 0kuslo |
| 015 |
|
|
|a SNBG1990
|
| 035 |
|
|
|a SNK000151818
|
| 035 |
|
|
|a 03A98E07-3933-4CC0-B314-CAC154D4614B
|
| 035 |
|
|
|a urn:nbn:sk:snk-km00gikq
|
| 040 |
|
|
|a SNK
|b slo
|c SNK
|e AACR2
|
| 041 |
0 |
|
|a slo
|
| 043 |
|
|
|a e-xo---
|
| 044 |
|
|
|a xo
|c SK
|
| 072 |
|
7 |
|a 913
|x Regionálna geografia
|2 konspekt
|
| 080 |
|
|
|a 913(437.6)
|2 2011
|
| 080 |
|
|
|a 908(437.6)
|2 2011
|
| 080 |
|
|
|a 725.84
|2 2011
|
| 080 |
|
|
|a 72.012.8
|2 2011
|
| 080 |
|
|
|a 711.455.8
|2 2011
|
| 080 |
|
|
|a 640.43
|2 2011
|
| 080 |
|
|
|a 627.81
|2 2011
|
| 080 |
|
|
|a (084.121)
|2 2011
|
| 080 |
|
|
|a 711.582.7
|2 2011
|
| 100 |
1 |
|
|a Holent, Peter,
|d 1956-
|4 pht
|9 174100
|
| 245 |
1 |
0 |
|a Zemplínska Šírava
|h grafika
|b Rekreačné stredisko Poľnohospodár
|c foto: P. Holent ; grafický návrh: J. Býma
|
| 246 |
1 |
|
|i Názov na obrazovej časti:
|a Poľnohospodár Zemplínska Šírava
|
| 260 |
|
|
|a Bratislava
|b ČSTK-Pressfoto
|c 1990
|e Skalica
|f Grafobal
|
| 300 |
|
|
|a 1 pohľadnica (4 čiastkové pohľady)
|b farebná
|c 15 x 11 cm
|
| 520 |
8 |
|
|a Zobrazenie: Štyri čiastkové pohľady, každý v bielom orámovaní, medzi nimi žlé línie. Uprostred je medzi pohľadmi vodorovne čiernym písom na žltom podklade názov. Pohľad na stany v popredí na trávnatej ploche, v pozadí vidno vodnú nádrž plnú ľudí. Vľavo na druhom brehu sú husté stromy, medzi nimi rekreačné zariadenia. Pohľad na interiér izby rekreačného zariadenia, vpravo je biely stôl so stoličkami. Pohľad na interiér reštaurácie, s dvomi radmi prestretých stolov. Pohľad na budovu rekreačného strediska Poľnohospodár
|
| 650 |
0 |
7 |
|a vodné nádrže
|2 SNKPH
|9 4190
|
| 650 |
0 |
7 |
|a rekreačné zariadenia
|2 SNKPH
|9 3012
|
| 650 |
0 |
7 |
|a reštaurácie
|2 SNKPH
|9 23080
|
| 650 |
0 |
7 |
|a interiéry
|2 SNKPH
|9 2953
|
| 650 |
0 |
7 |
|a autokempingy
|2 SNKPH
|9 784
|
| 650 |
0 |
7 |
|a rekreačné oblasti
|2 SNKPH
|9 69057
|
| 651 |
|
7 |
|a Zemplínska šírava (Slovensko : vodná nádrž)
|2 SNKPHgeo
|9 110374
|
| 651 |
|
7 |
|a Zemplínska šírava (Slovensko : rekreačná oblasť)
|2 SNKPHgeo
|9 113109
|
| 655 |
|
7 |
|a geografické pohľadnice
|2 SNKPH
|9 70522
|
| 655 |
|
7 |
|a miestne pohľadnice
|2 SNKPH
|9 70510
|
| 700 |
1 |
|
|a Býma, J.
|c (grafik)
|4 art
|9 283282
|
| 852 |
|
|
|a Slovenská národná knižnica
|
| 954 |
|
|
|a pohľadnice pôvodné (slovenské)
|2 lita
|
| 958 |
|
|
|a GBN
|
| 958 |
|
|
|a GC
|
| 958 |
|
|
|a OND
|
| 958 |
|
|
|a EUIPO
|
| 999 |
|
|
|c 866743
|d 868673
|
| 952 |
|
|
|a SNK
|b SNK
|y PREZ
|7 0
|p 17A1290505
|o snkSP 144382
|i snk6246/90
|0 0
|1 0
|4 0
|d 2020-11-04
|f 1
|l 0
|r 2026-02-24 05:30:02
|w 2026-02-24
|
| 952 |
|
|
|a SNK
|b SNK
|y PREZ
|7 0
|p 17A1290506
|o snkSP 144382 D1
|i snk6247/90
|0 0
|1 0
|4 0
|d 2020-11-04
|l 0
|r 2026-02-24 05:30:02
|w 2026-02-24
|
| 952 |
|
|
|a SNK
|b SNK
|y PREZ
|7 0
|p 17A1290507
|o snkSP 144382 D2
|i snk273/92
|0 0
|1 0
|4 0
|d 2020-11-04
|l 0
|r 2026-02-24 05:30:02
|w 2026-02-24
|